Tính duy nhất nghiệm của bài toán cân bằng : Luận văn thạc sỹ. Chuyên ngành: Giải tích

Nội dung trình bày các kết quả về sự duy nhất nghiệm của bài toán cân bằng vô hướng và bài tóan cân bằng vectơ trong không gian hữu hạn chiều và các bài tóan dạng đặc biệt.

Gespeichert in:
Bibliographische Detailangaben
1. Verfasser: Nguyễn, Nhật Linh
Format: Buch
Sprache:Undetermined
Veröffentlicht: Cần Thơ Trường Đại học Cần Thơ 2012
Schlagworte:
Tags: Tag hinzufügen
Keine Tags, Fügen Sie den ersten Tag hinzu!
Thư viện lưu trữ: Trung tâm Học liệu Trường Đại học Cần Thơ
LEADER 01073nam a2200217Ia 4500
001 CTU_174442
008 210402s9999 xx 000 0 und d
082 |a 515.26 
082 |b L312 
088 |a 60460102 
100 |a Nguyễn, Nhật Linh 
245 0 |a Tính duy nhất nghiệm của bài toán cân bằng : 
245 0 |b Luận văn thạc sỹ. Chuyên ngành: Giải tích 
245 0 |c Nguyễn Nhật Linh ; Phan Quốc Khánh (Người hướng dẫn) 
260 |a Cần Thơ 
260 |b Trường Đại học Cần Thơ 
260 |c 2012 
520 |a Nội dung trình bày các kết quả về sự duy nhất nghiệm của bài toán cân bằng vô hướng và bài tóan cân bằng vectơ trong không gian hữu hạn chiều và các bài tóan dạng đặc biệt. 
650 |a Bất đẳng thức biến phân,Variational inequalities (Mathematics) 
904 |i Cẩm Ý 
980 |a Trung tâm Học liệu Trường Đại học Cần Thơ